| 000 | 00398nam a22001217a 4500 | ||
|---|---|---|---|
| 005 | 20260629121630.0 | ||
| 100 |
_aImam Ali _a21-MSCS-04 _aSupervisor - Dr.Asghar Ali Chandio _91025 |
||
| 245 | _aMalicious and Non Malicious Website Deduction Using Machine Learning (Thesis MS) | ||
| 260 |
_aNawabshah _bQUEST _c2025 |
||
| 300 | _a80p. | ||
| 700 |
_aDepartment of Computer Science _91007 |
||
| 942 | _cTHESIS | ||
| 999 |
_c69083 _d69080 |
||